| 000 | 00664nam a2200229Ia 4500 | ||
|---|---|---|---|
| 003 | OSt | ||
| 005 | 20230410164736.0 | ||
| 008 | 210423s2018 xx 000 0 und d | ||
| 020 | _a978-1-5264-0824-2 | ||
| 040 | _cAL | ||
| 041 | _aeng | ||
| 082 |
_a610.19 _223 _bMARH |
||
| 100 |
_aMARKS (David F);MURRAY (Michael);ESTACIO (Emee Vida) _985744 |
||
| 245 | _aHealth psychology: theory research and practice Ed 5 | ||
| 250 | _a5 | ||
| 260 |
_aLondon _bSage Publications _c2018 |
||
| 300 |
_axviii,812 _bPB |
||
| 365 |
_b3975.01 _cGBP |
||
| 650 |
_aMedical Sciences _985745 |
||
| 906 | _aHealth ; practice ; psychology: ; research ; theory | ||
| 942 |
_2ddc _cBK |
||
| 999 |
_c169614 _d169614 |
||